Statistiken für Ultragruppierungen in der Bundesliga

Klicken Sie hier um das Quiz zu spielen!

Allgemein

  • Dieses Quiz wurde 229 mal gespielt
  • Das Durchschnittsergebnis liegt bei 8 aus 18

Antwortstatistiken

HintAntwort% Korrekt
Borussia DortmundThe Unity
74%
Schalke 04Ultras Gelsenkirchen
66%
Eintracht FrankfurtUltras Frankfurt
63%
Bayern MünchenSchickeria München
59%
VfB StuttgartCommando Cannstatt
56%
1. FC NürnbergUltras Nürnberg
53%
Bayer LeverkusenUltras Leverkusen
51%
Fortuna DüsseldorfUltras Düsseldorf
49%
Borussia MönchengladbachSottocultura
47%
Hertha BSCHarlekins Berlin
46%
Hannover 96Ultras Hannover
45%
FC AugsburgLegio Augusta
39%
VfL WolfsburgWeekend Brothers
33%
Werder BremenWanderers Bremen
29%
RB LeipzigRed Aces
19%
TSG HoffenheimCrescendo Hohenlohe
16%
SC FreiburgCorillo Freiburg
15%
FSV MainzQ-Block
15%

Verteilung der Resultate

Perzentil nach korrekt beantworteten Fragen

Anzahl Personen mit jedem Resultat

Ihre Resultats-Entwicklung

Sie haben dieses Quiz noch nicht gespielt